Every fortnite collabs - Statistics

General Stats
  • This quiz has been taken 120 times
    47 since last reset
  • The average score is 58 of 156
Answer Stats
Season Category Answer % Correct
CH1S8 Comics/Movies Marvel
88%
CHSX Comics/Movies DC Comics
83%
CH2S1 Content creator Ninja
83%
CH2S1 Movies Star Wars
79%
CH3S1 Music Silk Sonic
75%
CH1S9 TV series Stranger Things
75%
CH2S8 Mangas Naruto
71%
CH4S3 Clothing brand Nike
71%
CH2S7 Sports Lebron James
67%
CH1S6 Sports NFL
67%
CH5S3 Clothing brand Adidas
63%
CH1S9 Clothing brand Air Jordan
63%
OG Music Eminem
63%
CH6S1 Movies Godzilla
63%
CH1S7 Music Marshmello
63%
CH4S1 Content creator MrBeast
63%
CH1S5 Electronics Samsung
63%
CH5S4 Movies Disney
58%
CH2S5 Sports FIFA
58%
CH1S9 Movies John Wick
58%
CH2S6 Sports NBA
58%
REMIX Music Snoop Dogg
58%
CH2S7 Music Ariana Grande
54%
CH3S3 Mangas Dragon Ball
54%
CH5S1 TV series Family Guy
54%
CH2S7 Car manufacturer Ferrari
54%
CH2S5 Videogames Halo
54%
CH6S1 Sports Lionel Messi
54%
CH6S2 Videogames Mortal Kombat
54%
CH2S6 Sports Neymar Jr.
54%
CH1S2 Videogames Playstation
54%
CH6S4 TV series Power Rangers
54%
CH5S4 Movies SAW
54%
CH4S1 Videogames DOOM
50%
CH5S3 Videogames Fallout
50%
CH4S4 Movies Halloween
50%
CH5S1 Music Lady Gaga
50%
CH5S1 Music The Weeknd
50%
CH2S2 Music Travis Scott
50%
CH1S6 Videogames XBOX
50%
CH4S2 Mangas Attack on Titan
46%
CH2S8 Clothing brand Balenciaga
46%
CHSX Videogames Borderlands
46%
CH2S5 Videogames God of War
46%
CH6S1 Music Hatsune Miku
46%
REMIX Music Juice WRLD
46%
CH6S1 Movies King Kong
46%
CH2S4 Content creator Lachlan
46%
CHSX Music Major Lazer
46%
CH5S3 Music Metallica
46%
CH4S1 Mangas My Hero Academia
46%
CH5S3 Content creator Nick Eh 30
46%
CH2S7 TV series Rick & Morty
46%
CH6S2 Music Sabrina Carpenter
46%
CH2S5 Movies Terminator
46%
CH6S1 Movies Avatar
42%
CH5S2 TV series Avatar : The Last Airbender
42%
CH2S7 Content creator Bugha
42%
CH3S2 Sports Chloe Kim
42%
CH4S3 TV series Futurama
42%
CH2S7 Sports Harry Kane
42%
REMIX Music Ice Spice
42%
CH3S3 Sports John Cena
42%
CH4S4 Content creator Khaby Lame
42%
OG Sports Lewis Hamilton
42%
CH2S3 Content creator Loserfruit
42%
CH2S7 Sports Marco Reus
42%
CH1S6 Videogames Nintendo
42%
CH2S5 Videogames Street Fighter
42%
CH5S1 Comics/TV series Teenage Mutant Ninja Turtles
42%
CH3S2 Content creator Ali-A
38%
CH2S5 Movies Alien
38%
CH6S2 Content creator Clix
38%
CH4S1 Content creator Flakes Power
38%
CH4S3 Mangas Jujutsu Kaisen
38%
CH2S8 Videogame/TV series League of Legends/Arcane
38%
CH5S1 Toys LEGO
38%
CH6S1 Music Mariah Carey
38%
CH2S5 Movies Predator
38%
CH5S4 Content creator Rubius
38%
CH5S4 Sports Shaquille O'Neal
38%
CH3S4 Content creator SypherPK
38%
CH2S5 Content creator TheGrefg
38%
CH4S1 Videogames The Witcher
38%
CH2S6 Videogames Tomb Raider
38%
CH4S3 Movies Transformers
38%
CH6S2 TV series Adventure Time
33%
CH4S4 Videogames Alan Wake
33%
CH5S2 Music Billie Eilish
33%
CH3S2 Content creator Chica
33%
CH2S5 Content creator Lazarbeam
33%
CH5S1 Videogames Metal Gear
33%
CH5S3 Movies Pirates of the Caribbean
33%
CH6S3 Sports Song Heung-min
33%
CH3S1 Videogames Uncharted
33%
CH6S1 Movie Big Hero 6
29%
CH3S3 Movies Indiana Jones
29%
CH5S4 Music Karol G
29%
CH5S4 Movies Leatherface
29%
CH4S1 Music The Kid LAROI
29%
CH4S4 Movies The Nightmare Before Christmas
29%
CH2S5 TV series The Walking Dead
29%
CH1S3 Social Media Twitch
29%
CH3S2 Videogames Assassin's Creed
25%
CH6S2 Sports Cody Rhodes
25%
CH3S4 Movies Evil Dead
25%
CH2S4 Movies Ghostbusters
25%
OG TV series Invicible
25%
CH2S7 Music J Balvin
25%
CH6S3 TV series King of the Hill
25%
CH2S8 Videogames Resident Evil
25%
CH6S2 Sports Undertaker
25%
CH2S7 Movies Bad Boys
21%
CH6S3 TV series Bob's Burger
21%
CH3S1 TV series Cobra Kai
21%
CH6S2 Mangas Cowboy Bebop
21%
CH4S1 Movies CREED
21%
CH3S1 Videogames Gears of War
21%
CH2S7 Content creator Guggimon
21%
CH2S6 Videogames Horizon
21%
CH5S3 Videogame Lethal Company
21%
CH3S1 Sports Naomi Osaka
21%
CH1S8 Electronics Nvidia
21%
CH3S2 Movies Robocop
21%
CH6S2 Sports Shohei Ohtani
21%
CH6S3 TV series Squid Game
21%
CH5S4 Movies The Incredibles
21%
CH2S5 Movies TRON
21%
CH2S4 Videogame Battle Breakers
17%
CH4S3 Sports Becky Lynch
17%
CH4S3 Sports Bianca Belair
17%
CH6S1 Videogame Cyberpunk 2077
17%
CH4S1 Videogames Dead Space
17%
CH3S3 Videogames Destiny
17%
CH2S7 Web series Gildedguy
17%
CH6S1 Mangas Kaiju No 8
17%
CH2S8 Artist KAWS
17%
CH6S1 Web series Skibidi Toilet
17%
CH2S5 Movie Snake Eyes
17%
CH4S3 Videogames The Elder Scrolls
17%
CH2S8 Movies DUNE
13%
CH5S4 Movies Edward Scissorhands
13%
CH2S7 Movie Free Guy
13%
CH4S1 Sports Giannis Antetokounmpo
13%
CH3S4 Videogames Goat Simulator
13%
CH1S7 Electronics Honor
13%
CH2S6 Books Mistborn
13%
CH2S8 Clothing brand Moncler
13%
CH3S3 Sports Patrick Mahomes
13%
CH3S4 Clothing brand Ralph Lauren
13%
CH3S2 Music Wu-Tang Clan
13%
CH3S2 Music Coachella
8%
CH6S3 Music deadmau5
8%
CH2S8 TV series El Chapulin Colorado
8%
CH2S3 Electronics Intel
8%
CH6S1 Videogames Unreal Tournament
8%
No matching quizzes found
Score Distribution
Percent of People with Each Score
Percentile by Number Answered
Your Score History
You have not taken this quiz since the last reset